<?xml version="1.0" encoding="UTF-8"?>
<record
    xmlns:xsi="http://www.w3.org/2001/XMLSchema-instance"
    xsi:schemaLocation="http://www.loc.gov/MARC21/slim http://www.loc.gov/standards/marcxml/schema/MARC21slim.xsd"
    xmlns="http://www.loc.gov/MARC21/slim">

  <leader>00730nam a22001815i 4500</leader>
  <controlfield tag="001">152127</controlfield>
  <controlfield tag="003">ES-MaACL</controlfield>
  <controlfield tag="005">20230906204539.0</controlfield>
  <controlfield tag="008">051010s1887    sz     | |||||||| ||fre d</controlfield>
  <datafield tag="040" ind1=" " ind2=" ">
    <subfield code="a">CAM </subfield>
    <subfield code="b">spa </subfield>
    <subfield code="c">CAM</subfield>
  </datafield>
  <datafield tag="100" ind1="1" ind2=" ">
    <subfield code="a">Bing, Felix.</subfield>
    <subfield code="9">28922</subfield>
  </datafield>
  <datafield tag="245" ind1="1" ind2="3">
    <subfield code="a">La Soci&#xE9;t&#xE9; Anonyme en droit italien </subfield>
    <subfield code="b">: &#xE9;tude de l&#xE9;gislation compar&#xE9;e / </subfield>
    <subfield code="c">par F&#xE9;lix-M. Bing.</subfield>
  </datafield>
  <datafield tag="260" ind1=" " ind2=" ">
    <subfield code="a">Gen&#xE8;ve : </subfield>
    <subfield code="b">Bale : </subfield>
    <subfield code="b">H. Georg ; </subfield>
    <subfield code="a">Paris : </subfield>
    <subfield code="b">G. Pedone-Lauriel ;</subfield>
    <subfield code="a">Turin : </subfield>
    <subfield code="b">Bocca Fratelli, </subfield>
    <subfield code="c">1887 (</subfield>
    <subfield code="e">Gen&#xE8;ve : </subfield>
    <subfield code="f">Imprimerie Charles Schuchardt)</subfield>
  </datafield>
  <datafield tag="300" ind1=" " ind2=" ">
    <subfield code="a">449 p. ; </subfield>
    <subfield code="c">23 cm.</subfield>
  </datafield>
  <datafield tag="650" ind1=" " ind2=" ">
    <subfield code="a">Derecho mercantil-</subfield>
    <subfield code="z">Italia.</subfield>
    <subfield code="9">11740</subfield>
  </datafield>
  <datafield tag="650" ind1="0" ind2="4">
    <subfield code="a">Sociedades an&#xF3;nimas.</subfield>
    <subfield code="9">17182</subfield>
  </datafield>
  <datafield tag="852" ind1=" " ind2=" ">
    <subfield code="a">ES-MaACL</subfield>
    <subfield code="j">F-9938 </subfield>
    <subfield code="z">-- Enc. hol., conservando la cub. original</subfield>
  </datafield>
  <datafield tag="999" ind1=" " ind2=" ">
    <subfield code="c">152127</subfield>
    <subfield code="d">152127</subfield>
  </datafield>
  <datafield tag="952" ind1=" " ind2=" ">
    <subfield code="0">0</subfield>
    <subfield code="1">0</subfield>
    <subfield code="4">0</subfield>
    <subfield code="7">0</subfield>
    <subfield code="8">LIBXIX</subfield>
    <subfield code="a">ATENEOM</subfield>
    <subfield code="b">ATENEOM</subfield>
    <subfield code="c">SPP2</subfield>
    <subfield code="d">2008-01-17</subfield>
    <subfield code="e">SSC</subfield>
    <subfield code="l">0</subfield>
    <subfield code="o">F-9938</subfield>
    <subfield code="p">1158817</subfield>
    <subfield code="r">2023-02-23 00:00:00</subfield>
    <subfield code="w">2023-02-23</subfield>
    <subfield code="y">MONANT</subfield>
  </datafield>
</record>
